|
|
|
|
| LEADER |
00688nta a2200181 i 4500 |
| 001 |
dipl87616 |
| 005 |
20200619131426.0 |
| 008 |
200618s2019 hu om 0|| zxx d |
| 040 |
|
|
|a SZTE Diploma Repozitórium
|b hun
|
| 041 |
|
|
|a zxx
|
| 100 |
2 |
|
|a Szőke Tóth Anna
|
| 245 |
1 |
2 |
|a A Beatles és a videoklip
|h [elektronikus dokumentum] /
|c Anna Szőke Tóth
|
| 246 |
1 |
0 |
|a The Beatles and the videoclip
|h [elektronikus dokumentum]
|
| 260 |
|
|
|c 2019
|
| 650 |
|
4 |
|a Bölcsészettudományok
|
| 650 |
|
4 |
|a Arts (arts, history of arts, performing arts, music)
|
| 700 |
2 |
|
|a Milián Bogyai Réka Orsolya
|e ths
|
| 856 |
4 |
0 |
|u http://diploma.bibl.u-szeged.hu/id/eprint/87616/1/2019_szoke_toth_anna.pdf
|z Dokumentum-elérés
|